| 000 | 00863cam a22002174a 4500 | ||
|---|---|---|---|
| 001 | 13909076 | ||
| 005 | 20260313155436.0 | ||
| 008 | 050323s2006 cau b 000 0 eng | ||
| 020 | _a0534641237 | ||
| 020 | _a9780534641238 | ||
| 050 | 0 | 0 |
_aHV11 _b.B318 2006 |
| 100 | 1 | _aBarsky, Allan Edward. | |
| 245 | 1 | 0 |
_aSuccessful social work education : _ba student's guide / _cAllan E. Barsky. |
| 260 |
_aBelmont, CA : _bThomson Brooks/Cole, _cc2006. |
||
| 300 |
_axix, 307 p. ; _c28 cm. |
||
| 650 | 0 | _aSocial work education. | |
| 856 | 4 | 2 |
_3Contributor biographical information _uhttp://www.loc.gov/catdir/enhancements/fy1302/2005924659-b.html |
| 856 | 4 | 2 |
_3Publisher description _uhttp://www.loc.gov/catdir/enhancements/fy1302/2005924659-d.html |
| 856 | 4 | 1 |
_3Table of contents only _uhttp://www.loc.gov/catdir/enhancements/fy1302/2005924659-t.html |
| 942 |
_2lcc _cBK _n0 |
||
| 999 |
_c9036 _d9036 |
||